00254nam a2200109Ia 4500003000400000008004100004100002100045245003500066260002700101300000800128650000800136OSt191201s2006 xx 000 0 und d aJAISWAL, Mahadeo 0aManagement Information Systems aN. DelhibOxfordc2006 a623 aMBA